[Event "SR 3. liga A2 2017/2018"]
[Site "?"]
[Date "2018.01.07"]
[Round "7.2"]
[White "Blatnicky, Miroslav"]
[Black "Sefcik, Marek"]
[Result "1/2-1/2"]
[WhiteElo "2100"]
[BlackElo "2008"]
[PlyCount "104"]
[EventDate "2017.??.??"]

1. d4 d5 2. c4 c6 3. Nc3 Nf6 4. Nf3 e6 5. Bg5 Qa5 6. Bxf6 gxf6 7. e3 Bb4 8. Qb3
b6 9. Rc1 Rg8 10. cxd5 cxd5 11. a3 Bxc3+ 12. Qxc3 Qxc3+ 13. Rxc3 Kd7 14. Bb5+
Kd6 15. O-O Ba6 16. a4 Rc8 17. Rxc8 Bxc8 18. Rc1 Bd7 19. Bxd7 Kxd7 20. Kf1 Nc6
21. Ke2 a5 22. Rc3 Rc8 23. Ne1 Rg8 24. g3 Kd6 25. f4 f5 26. Nd3 f6 27. Kf3 Rg7
28. Rc1 Rg8 29. h3 h5 30. Rg1 Rg7 31. Rb1 Ra7 32. b3 Ra8 33. g4 hxg4+ 34. hxg4
fxg4+ 35. Kxg4 Rg8+ 36. Kf3 e5 37. dxe5+ fxe5 38. fxe5+ Nxe5+ 39. Nxe5 Kxe5 40.
b4 Rf8+ 41. Ke2 Ra8 42. Kd3 Ra7 43. bxa5 Rxa5 44. Rb4 Ra8 45. Rh4 Ra5 46. Rb4
Ra8 47. Kc3 Rc8+ 48. Kb3 Rc6 49. Kb2 Rh6 50. Kc3 Rc6+ 51. Kd3 Rh6 52. Rg4 Rh1
1/2-1/2

[Event "SR 3. liga A2 2017/2018"]
[Site "?"]
[Date "2018.01.07"]
[Round "7.2"]
[White "Jakubec, Milan"]
[Black "Mikudik, Ivan"]
[Result "1-0"]
[WhiteElo "1998"]
[BlackElo "1875"]
[PlyCount "57"]
[EventDate "2017.??.??"]

1. e4 e6 2. d4 d5 3. exd5 exd5 4. Bd3 Nf6 5. Nf3 Bd6 6. Qe2+ Be6 7. Ng5 Qe7 8.
Nxe6 fxe6 9. O-O O-O 10. Re1 Nc6 11. c3 Rae8 12. f4 Nd8 13. g3 c5 14. Nd2 cxd4
15. cxd4 Bb4 16. Rd1 Nc6 17. Nb3 a5 18. Be3 Rc8 19. a3 a4 20. Nd2 Bxd2 21. Rxd2
Na5 22. Rc2 Nb3 23. Re1 Rxc2 24. Bxc2 Qc7 25. Bf2 Re8 26. h3 Kf7 27. Kg2 Qb6
28. g4 Qd6 29. g5 1-0

[Event "SR 3. liga A2 2017/2018"]
[Site "?"]
[Date "2018.01.07"]
[Round "7.2"]
[White "Podjavorinsky, Michal"]
[Black "Hirmajer, Jan"]
[Result "1-0"]
[WhiteElo "1869"]
[BlackElo "1932"]
[PlyCount "53"]
[EventDate "2017.??.??"]

1. e4 c5 2. d3 g6 3. Nc3 Nc6 4. Be3 d6 5. g3 Bg7 6. Bg2 Qa5 7. Nge2 Nd4 8. O-O
Nxe2+ 9. Qxe2 Bxc3 10. bxc3 Qxc3 11. Rab1 Qa5 12. e5 dxe5 13. Bxb7 Bxb7 14.
Rxb7 Nf6 15. Bh6 Nd7 16. Qe4 Rd8 17. Qc6 Qxa2 18. c4 Qe2 19. Rxd7 Rxd7 20. Rb1
e6 21. Rb8+ Ke7 22. Rxh8 Qxd3 23. Bg5+ f6 24. Rxh7+ Ke8 25. Qc8+ Rd8 26. Qxe6+
Kf8 27. Bh6# 1-0

[Event "SR 3. liga A2 2017/2018"]
[Site "?"]
[Date "2018.01.07"]
[Round "7.2"]
[White "Horak, Ivan"]
[Black "Miciak, Emanuel"]
[Result "1/2-1/2"]
[WhiteElo "2018"]
[BlackElo "1900"]
[PlyCount "81"]
[EventDate "2017.??.??"]

1. e4 c5 2. Nf3 d6 3. d4 cxd4 4. Nxd4 Nf6 5. Nc3 a6 6. Be3 e6 7. f3 Be7 8. Qd2
O-O 9. O-O-O b5 10. g4 Bb7 11. h4 Nc6 12. h5 Nxd4 13. Bxd4 Nd7 14. Kb1 Ne5 15.
Bxe5 dxe5 16. Qg2 Qc7 17. g5 Rad8 18. Bd3 b4 19. Ne2 a5 20. Qg4 Bc8 21. Rdg1 f5
22. gxf6 Bxf6 23. Rh2 a4 24. Rhg2 b3 25. Nc3 bxa2+ 26. Kxa2 a3 27. Nb5 Qc6 28.
Nxa3 Ba6 29. Bxa6 Qxa6 30. Qh3 Ra8 31. Ra1 Rfd8 32. Qh1 Be7 33. Qf1 Qc6 34. Kb1
Bxa3 35. Rxa3 Rxa3 36. bxa3 Qc3 37. Ka2 Rb8 38. Qc1 Qc4+ 39. Ka1 Qc3+ 40. Ka2
Qc4+ 41. Ka1 1/2-1/2

[Event "SR 3. liga A2 2017/2018"]
[Site "?"]
[Date "2018.01.07"]
[Round "7.2"]
[White "Kincel, Jan"]
[Black "Chabada, Tomas"]
[Result "0-1"]
[WhiteElo "1945"]
[BlackElo "1980"]
[PlyCount "104"]
[EventDate "2017.??.??"]

1. e4 e5 2. Nf3 Nc6 3. Bb5 a6 4. Ba4 Nf6 5. Qe2 d6 6. c3 Be7 7. O-O O-O 8. d4
b5 9. Bc2 exd4 10. cxd4 Bg4 11. Rd1 Nb4 12. Bb3 d5 13. e5 Ne4 14. a3 Nc6 15.
Nc3 Nxc3 16. bxc3 Na5 17. Bc2 Nc4 18. a4 Qd7 19. Re1 Rfe8 20. h3 Bh5 21. Bf4
Qe6 22. g4 Bg6 23. Bg5 Bxc2 24. Qxc2 Rab8 25. Bxe7 Qxe7 26. axb5 axb5 27. Qf5
Rb6 28. Ra7 Rc6 29. Rb1 g6 30. Qf4 f6 31. exf6 Rxf6 32. Qg3 Nd6 33. Ne5 Ne4 34.
Qe3 Rxf2 35. Rxb5 Ref8 36. Rb1 Qf6 37. Raa1 Qh4 38. Rf1 R8f3 39. Qxf3 Rxf3 40.
Rxf3 Ng5 41. Raf1 Nxh3+ 42. Kg2 Ng5 43. Re3 Ne4 44. Rh3 Qg5 45. Rhf3 Qd2+ 46.
Kh3 Ng5+ 47. Kg3 Ne4+ 48. Kh3 Ng5+ 49. Kg3 Nxf3 50. Rxf3 c5 51. dxc5 Qe1+ 52.
Kf4 Qe4+ 0-1

[Event "SR 3. liga A2 2017/2018"]
[Site "?"]
[Date "2018.01.07"]
[Round "7.2"]
[White "Zlamal, Marek"]
[Black "Bjel, Jan"]
[Result "0-1"]
[WhiteElo "1835"]
[BlackElo "1821"]
[PlyCount "80"]
[EventDate "2017.??.??"]

1. d4 Nf6 2. c4 d5 3. Nc3 e6 4. a3 Be7 5. Nf3 O-O 6. e3 c5 7. cxd5 Nxd5 8. Bd3
cxd4 9. Nxd4 Nxc3 10. bxc3 Bf6 11. Qc2 g6 12. O-O Nd7 13. Rd1 Nc5 14. Be2 Bd7
15. a4 a6 16. Nb3 Nxb3 17. Qxb3 Qc7 18. Ba3 Rfd8 19. Bf3 Bc6 20. Bxc6 Qxc6 21.
Rdc1 Rd3 22. Rab1 Rad8 23. h3 Be5 24. g3 Qf3 25. Qxb7 Rd1+ 26. Rxd1 Rxd1+ 27.
Rxd1 Qxb7 28. f4 Bxc3 29. g4 Qf3 30. Rd8+ Kg7 31. g5 Qxe3+ 32. Kg2 Qe4+ 33. Kf2
Qxf4+ 34. Ke2 Qxg5 35. Rc8 Bd4 36. a5 Qe3+ 37. Kd1 Qxa3 38. h4 Qd3+ 39. Ke1 Be3
40. h5 Qd2+ 0-1

[Event "SR 3. liga A2 2017/2018"]
[Site "?"]
[Date "2018.01.07"]
[Round "7.2"]
[White "Podjavorinsky, Peter"]
[Black "Husek, Lubomir"]
[Result "0-1"]
[WhiteElo "1675"]
[BlackElo "1830"]
[PlyCount "162"]
[EventDate "2017.??.??"]

1. e4 e5 2. Nf3 Nc6 3. d4 exd4 4. Bc4 Bc5 5. c3 Nge7 6. cxd4 Bb4+ 7. Nc3 O-O 8.
a3 Bxc3+ 9. bxc3 d6 10. h3 Qe8 11. O-O Ng6 12. Re1 Na5 13. Bd3 Bd7 14. Ng5 h6
15. Nf3 Ba4 16. Bc2 Bxc2 17. Qxc2 Nc4 18. Nd2 Nb6 19. Nf1 Qd7 20. f4 f5 21. e5
dxe5 22. fxe5 Qe6 23. Nh2 Rae8 24. a4 Nc4 25. a5 b6 26. axb6 axb6 27. Qb3 Kh7
28. Ra4 Na5 29. Qxe6 Rxe6 30. Nf3 Rd8 31. c4 Rc6 32. c5 Nb3 33. Rb4 Nxc1 34.
Rxc1 Nf4 35. Rc2 bxc5 36. Rxc5 Rxc5 37. dxc5 Rd1+ 38. Kh2 Ne6 39. Rc4 g5 40. c6
Kg6 41. g4 f4 42. Rc2 Nd4 43. Nxd4 Rxd4 44. Rc5 Kf7 45. Kg2 Rd3 46. h4 Ke6 47.
hxg5 hxg5 48. Ra5 Rc3 49. Ra8 Kxe5 50. Rg8 Rg3+ 51. Kf2 Rxg4 52. Rd8 Rg3 53.
Rd7 Rc3 54. Rg7 Rxc6 55. Rxg5+ Ke4 56. Rg8 Rc2+ 57. Kf1 Kf3 58. Ke1 c5 59. Rc8
c4 60. Kd1 Rc3 61. Kd2 Rd3+ 62. Ke1 c3 63. Rc7 Kg2 64. Rg7+ Rg3 65. Ra7 Re3+
66. Kd1 f3 67. Rg7+ Kf2 68. Rc7 Kf1 69. Rc8 f2 70. Rc7 Kg2 71. Rg7+ Rg3 72.
Rxg3+ Kxg3 73. Kc2 f1=Q 74. Kxc3 Qd1 75. Kc4 Kf4 76. Kc3 Ke4 77. Kb2 Kd4 78.
Ka2 Kc4 79. Kb2 Kb4 80. Ka2 Qd2+ 81. Kb1 Kc3 0-1

[Event "SR 3. liga A2 2017/2018"]
[Site "?"]
[Date "2018.01.07"]
[Round "7.3"]
[White "Banas, Jan"]
[Black "Lanc, Alois"]
[Result "1/2-1/2"]
[WhiteElo "2208"]
[BlackElo "2294"]
[PlyCount "35"]
[EventDate "2017.??.??"]

1. e4 c5 2. d3 g6 3. g3 Bg7 4. Bg2 d6 5. f4 e6 6. Nf3 Nc6 7. O-O Nge7 8. c3 O-O
9. Na3 b6 10. Be3 Bb7 11. Bf2 e5 12. Nc2 exf4 13. gxf4 d5 14. Nh4 dxe4 15. dxe4
Bh6 16. Re1 Qxd1 17. Raxd1 Rad8 18. Be3 1/2-1/2

[Event "SR 3. liga A2 2017/2018"]
[Site "?"]
[Date "2018.01.07"]
[Round "7.3"]
[White "Kavon, Rastislav"]
[Black "Liptak, Dusan"]
[Result "0-1"]
[WhiteElo "2202"]
[BlackElo "2133"]
[PlyCount "68"]
[EventDate "2017.??.??"]

1. e4 c5 2. Nf3 d6 3. d4 cxd4 4. Nxd4 Nf6 5. Nc3 a6 6. h3 e5 7. Nb3 Be6 8. f4
Nbd7 9. f5 Bxb3 10. axb3 d5 11. exd5 Bc5 12. Bg5 O-O 13. Qe2 Bd4 14. Bd2 Rc8
15. O-O-O b5 16. Kb1 Qc7 17. Rc1 Rfe8 18. g4 e4 19. g5 e3 20. gxf6 exd2 21.
Qxd2 Be3 22. Qg2 Nxf6 23. Rd1 Qe5 24. Be2 Rxc3 25. bxc3 Ne4 26. Rd3 Nxc3+ 27.
Rxc3 Qxc3 28. Qf3 Qe5 29. Bd3 Bg5 30. Ka2 Qc3 31. Be4 Qa5+ 32. Kb2 Bf6+ 33. Kc1
Qa1+ 34. Kd2 Qd4+ 0-1

[Event "SR 3. liga A2 2017/2018"]
[Site "?"]
[Date "2018.01.07"]
[Round "7.3"]
[White "Kovacocy, Pavol"]
[Black "Kozinka, Roman"]
[Result "1-0"]
[WhiteElo "2250"]
[BlackElo "1999"]
[PlyCount "59"]
[EventDate "2017.??.??"]

1. e4 e5 2. Nf3 Nf6 3. Nxe5 d6 4. Nf3 Nxe4 5. Qe2 Qe7 6. d3 Nf6 7. Bg5 Qxe2+ 8.
Bxe2 Be7 9. Nc3 c6 10. O-O-O h6 11. Bd2 Bf5 12. Nd4 Bd7 13. Rde1 Kd8 14. Nd1 c5
15. Nf3 Nc6 16. Bc3 b5 17. Ne3 Be6 18. b3 a5 19. Bb2 d5 20. d4 c4 21. Ne5 Nxe5
22. dxe5 Ne4 23. f3 c3 24. fxe4 cxb2+ 25. Kxb2 Bd7 26. Rd1 Kc8 27. exd5 Bc5 28.
Rd3 Kb8 29. Rf1 Re8 30. Rxf7 1-0

[Event "SR 3. liga A2 2017/2018"]
[Site "?"]
[Date "2018.01.07"]
[Round "7.3"]
[White "Lopatievov, Alexander"]
[Black "Sarmir, Milos"]
[Result "0-1"]
[WhiteElo "1847"]
[BlackElo "2076"]
[PlyCount "108"]
[EventDate "2017.??.??"]

1. e4 e5 2. Nf3 Nc6 3. Bc4 Be7 4. O-O d6 5. h3 Nf6 6. Re1 O-O 7. d3 Na5 8. Bb3
Nxb3 9. axb3 c5 10. c4 Bd7 11. Nc3 h6 12. Bd2 Qc7 13. Qc2 a6 14. Ne2 Rfc8 15.
Ra2 Ne8 16. Ng3 Bf8 17. Rc1 Be6 18. Nh4 g6 19. f4 exf4 20. Ne2 g5 21. Nf3 f5
22. Bc3 fxe4 23. dxe4 Bg7 24. Bxg7 Qxg7 25. Nc3 Qg6 26. Qe2 Rc7 27. e5 dxe5 28.
Nxe5 Qf6 29. Re1 Ng7 30. Raa1 Re8 31. Qe4 Nf5 32. Ng4 Qg7 33. Nd5 Rf7 34. Qe5
Qxe5 35. Rxe5 Kg7 36. Rae1 Nd4 37. Kf2 Kg6 38. Rxe6+ Rxe6 39. Rxe6+ Nxe6 40.
Ne5+ Kg7 41. Nxf7 Kxf7 42. b4 cxb4 43. Nxb4 Kf6 44. Nd3 Kf5 45. Ke2 h5 46. Nf2
Ke5 47. Kd3 Nc5+ 48. Kc2 Kd4 49. b3 Ke3 50. Nd1+ Ke2 51. b4 Ne4 52. c5 Kf1 53.
Nb2 Kxg2 54. Kd3 Nf6 0-1

[Event "SR 3. liga A2 2017/2018"]
[Site "?"]
[Date "2018.01.07"]
[Round "7.3"]
[White "Vagovsky, Jozef"]
[Black "Rau, Vladimir"]
[Result "1/2-1/2"]
[WhiteElo "1800"]
[BlackElo "1692"]
[PlyCount "35"]
[EventDate "2017.??.??"]

1. d4 d5 2. Nf3 Nf6 3. Bg5 e6 4. c4 Be7 5. Nc3 Nc6 6. e3 Ne4 7. Nxe4 dxe4 8.
Bxe7 Qxe7 9. Nd2 Qb4 10. Qc2 O-O 11. a3 Qa5 12. Qxe4 Bd7 13. Be2 Ne7 14. Qd3 c5
15. Qc3 Qc7 16. dxc5 Qxc5 17. Nf3 Bc6 18. O-O 1/2-1/2

[Event "SR 3. liga A2 2017/2018"]
[Site "?"]
[Date "2018.01.07"]
[Round "7.3"]
[White "Gajarsky, Julius"]
[Black "Markuliak, Mario"]
[Result "1-0"]
[WhiteElo "1716"]
[BlackElo "1876"]
[PlyCount "75"]
[EventDate "2017.??.??"]

1. d4 d6 2. c4 e5 3. dxe5 dxe5 4. Qxd8+ Kxd8 5. Nf3 f6 6. e4 Bc5 7. Nc3 c6 8.
a3 a5 9. Be2 Be6 10. O-O Nd7 11. Na4 Kc7 12. Bd2 b6 13. b4 Be7 14. Rfb1 axb4
15. axb4 f5 16. Nc5 Rxa1 17. Nxe6+ Kd6 18. Rxa1 Kxe6 19. exf5+ Kxf5 20. Ra8 g6
21. h3 Bf6 22. Nh2 h5 23. g4+ Ke6 24. Bf3 Kd6 25. Rc8 c5 26. Rc6+ Ke7 27. g5
Bg7 28. Rxg6 Kf7 29. Rd6 Ke7 30. Rg6 Kf7 31. Rd6 Ke7 32. bxc5 bxc5 33. Rc6 Ke8
34. Rc8+ Ke7 35. Bd5 Bf8 36. Ba5 Kd6 37. Bc7+ Ke7 38. Bd8+ 1-0

[Event "SR 3. liga A2 2017/2018"]
[Site "?"]
[Date "2018.01.07"]
[Round "7.3"]
[White "Hornak, Pavol"]
[Black "Kramar, Matus"]
[Result "1/2-1/2"]
[WhiteElo "1752"]
[BlackElo "1649"]
[PlyCount "51"]
[EventDate "2017.??.??"]

1. d4 Nf6 2. c4 g6 3. Nc3 Bg7 4. e4 d6 5. h3 Nbd7 6. Bd3 e5 7. d5 O-O 8. Nf3
Kh8 9. Be3 h6 10. Qd2 Ng8 11. g4 Qe7 12. Ke2 Nb6 13. a4 c6 14. a5 Nd7 15. b4
Rd8 16. Bc2 c5 17. b5 Nf8 18. Rag1 Bd7 19. h4 Nh7 20. g5 h5 21. Kd1 Bg4 22.
Rxg4 hxg4 23. Nh2 Qd7 24. f3 gxf3 25. Nxf3 Qg4 26. Qf2 1/2-1/2

[Event "SR 3. liga A2 2017/2018"]
[Site "?"]
[Date "2018.01.07"]
[Round "7.3"]
[White "Dobis, Pavol"]
[Black "Kavuljak, Alojz"]
[Result "1/2-1/2"]
[WhiteElo "1594"]
[BlackElo "1695"]
[PlyCount "47"]
[EventDate "2017.??.??"]

1. d4 d6 2. c4 g6 3. Nc3 Bg7 4. e3 Nc6 5. Nf3 e5 6. dxe5 Nxe5 7. Nxe5 Bxe5 8.
Qc2 Ne7 9. Bd3 Bf5 10. Bxf5 Nxf5 11. Bd2 O-O 12. O-O-O Qh4 13. f4 Bg7 14. Ne2
Qe7 15. e4 Nd4 16. Nxd4 Bxd4 17. Rde1 Qd7 18. Bc3 Bxc3 19. Qxc3 b5 20. cxb5
Qxb5 21. Rd1 Rab8 22. Rhe1 Rfe8 23. g4 Qb4 24. Rd4 1/2-1/2

[Event "SR 3. liga A2 2017/2018"]
[Site "?"]
[Date "2018.01.07"]
[Round "7.4"]
[White "Matis, Tibor"]
[Black "Merva, Frantisek"]
[Result "1/2-1/2"]
[WhiteElo "1891"]
[BlackElo "2077"]
[PlyCount "31"]
[EventDate "2017.??.??"]

1. e4 e5 2. Nf3 Nc6 3. Bb5 a6 4. Ba4 Nf6 5. O-O Be7 6. Re1 b5 7. Bb3 d6 8. c3
O-O 9. d3 Na5 10. Bc2 c5 11. h3 Qc7 12. Nbd2 h6 13. Nf1 Be6 14. Ng3 Rfe8 15.
Be3 Rab8 16. Nf5 1/2-1/2

[Event "SR 3. liga A2 2017/2018"]
[Site "?"]
[Date "2018.01.07"]
[Round "7.4"]
[White "Szitasi, Janos"]
[Black "Bugar, Peter"]
[Result "1/2-1/2"]
[WhiteElo "1965"]
[BlackElo "1891"]
[PlyCount "51"]
[EventDate "2017.??.??"]

1. e4 e6 2. d4 d5 3. exd5 exd5 4. Bd3 Nc6 5. Nf3 Bg4 6. c3 Bd6 7. Be3 Nge7 8.
h3 Bh5 9. Nbd2 Qd7 10. Qc2 Bg6 11. Nh4 Bxd3 12. Qxd3 O-O-O 13. O-O-O f6 14. f4
g6 15. g4 Rde8 16. Rdf1 Rhf8 17. Rhg1 f5 18. g5 Na5 19. Nhf3 Qa4 20. Kb1 Nc4
21. Ne5 Bxe5 22. dxe5 Qb5 23. Nxc4 dxc4 24. Qe2 Nd5 25. Ka1 Rd8 26. Rd1 1/2-1/2

[Event "SR 3. liga A2 2017/2018"]
[Site "?"]
[Date "2018.01.07"]
[Round "7.4"]
[White "Kahancova, Jana"]
[Black "Fekete, Robert"]
[Result "1/2-1/2"]
[WhiteElo "1643"]
[BlackElo "1888"]
[PlyCount "29"]
[EventDate "2017.??.??"]

1. d4 d5 2. Nf3 Nf6 3. Bg5 Ne4 4. Bf4 c6 5. e3 Nd7 6. Nbd2 Ndf6 7. Be2 Bg4 8.
c4 Nxd2 9. Nxd2 Bxe2 10. Qxe2 dxc4 11. Nxc4 e6 12. a3 Be7 13. Bg3 Nd5 14. Ne5
O-O 15. O-O 1/2-1/2

[Event "SR 3. liga A2 2017/2018"]
[Site "?"]
[Date "2018.01.07"]
[Round "7.4"]
[White "Mezei, Tibor"]
[Black "Mezes, Kristof"]
[Result "1/2-1/2"]
[WhiteElo "1722"]
[BlackElo "1493"]
[PlyCount "44"]
[EventDate "2017.??.??"]

1. g3 d5 2. Nf3 Bg4 3. Bg2 c6 4. O-O Nd7 5. h3 Bxf3 6. Bxf3 e5 7. d3 Ngf6 8. e4
Bc5 9. Nc3 dxe4 10. Nxe4 Nxe4 11. dxe4 O-O 12. Qe2 Qe7 13. h4 a5 14. Bg5 Nf6
15. a4 Rfd8 16. Rfd1 Bd4 17. c3 Bb6 18. Rxd8+ Rxd8 19. Rd1 Rxd1+ 20. Qxd1 h6
21. Bc1 Qe6 22. Kg2 Qe7 1/2-1/2

[Event "SR 3. liga A2 2017/2018"]
[Site "?"]
[Date "2018.01.07"]
[Round "7.4"]
[White "Minarik, Jozef"]
[Black "Gyurkovics, Gergely"]
[Result "1/2-1/2"]
[WhiteElo "1396"]
[BlackElo "1585"]
[PlyCount "65"]
[EventDate "2017.??.??"]

1. e4 e5 2. Nf3 Nc6 3. Bb5 a6 4. Ba4 Nf6 5. O-O Be7 6. Re1 b5 7. Bb3 d6 8. c3
Na5 9. Bc2 c5 10. d4 Qc7 11. h3 O-O 12. Nbd2 Kh8 13. Nf1 Ng8 14. Ne3 Be6 15. b3
Bf6 16. Bb2 Ne7 17. d5 Bd7 18. c4 Nb7 19. Kh2 g6 20. g4 Bg7 21. Nh4 f6 22. Nhg2
f5 23. gxf5 gxf5 24. exf5 Nxf5 25. Qd3 Qd8 26. f4 Qe7 27. Ng4 bxc4 28. bxc4 h5
29. Nf2 Rae8 30. fxe5 Bxe5+ 31. Bxe5+ dxe5 32. Qe2 Qf7 33. Ne4 1/2-1/2

[Event "SR 3. liga A2 2017/2018"]
[Site "?"]
[Date "2018.01.07"]
[Round "7.4"]
[White "Sido, Daniel"]
[Black "Kiss, Balazs"]
[Result "0-1"]
[WhiteElo "1586"]
[BlackElo "1287"]
[PlyCount "72"]
[EventDate "2017.??.??"]

1. e4 c5 2. Nf3 a6 3. Nc3 b5 4. d4 cxd4 5. Nxd4 Bb7 6. Bd3 g6 7. Be3 Bg7 8. Qd2
Nf6 9. f3 d5 10. e5 Nfd7 11. f4 Nc6 12. Be2 Nxd4 13. Bxd4 O-O 14. Bf3 e6 15.
Qe3 Rc8 16. O-O-O Qa5 17. Kb1 b4 18. Ne2 Rc4 19. Nc1 Rfc8 20. Rd2 Qc7 21. Qf2
a5 22. h4 a4 23. Bd1 Bf8 24. Nd3 Nb8 25. h5 a3 26. b3 Rc6 27. hxg6 fxg6 28. g4
Qf7 29. f5 exf5 30. gxf5 Qxf5 31. Qh4 g5 32. Qg3 h6 33. Bg4 Qe4 34. Bxc8 Qxh1+
35. Nc1 Bxc8 36. Qd3 Ba6 0-1

[Event "SR 3. liga A2 2017/2018"]
[Site "?"]
[Date "2018.01.07"]
[Round "7.4"]
[White "Mits, Mark"]
[Black "Lelkes, Geza"]
[Result "0-1"]
[WhiteElo "1000"]
[BlackElo "1522"]
[PlyCount "26"]
[EventDate "2017.??.??"]

1. d4 f5 2. c4 Nf6 3. Bf4 d6 4. Nc3 c5 5. d5 e5 6. dxe6 Bxe6 7. e3 Nc6 8. Nf3
Ne4 9. Ng5 Nxg5 10. Qh5+ Nf7 11. Bd3 Nb4 12. Be2 Nc2+ 13. Kd1 Nxa1 0-1

[Event "SR 3. liga A2 2017/2018"]
[Site "?"]
[Date "2018.01.07"]
[Round "7.5"]
[White "Skreno, Vladimir"]
[Black "Ambros, Rafael"]
[Result "1-0"]
[WhiteElo "2184"]
[BlackElo "1982"]
[PlyCount "87"]
[EventDate "2017.??.??"]

1. d4 d5 2. Nf3 c6 3. c4 e6 4. cxd5 cxd5 5. Nc3 Nf6 6. Bf4 a6 7. e3 Nc6 8. Bd3
g6 9. Bg5 h6 10. Bxf6 Qxf6 11. O-O b5 12. e4 Nb4 13. Bb1 Qd8 14. a3 dxe4 15.
Bxe4 Nd5 16. Re1 Nxc3 17. bxc3 Rb8 18. Ne5 Qc7 19. Bc6+ Kd8 20. Qf3 Rh7 21.
Nxg6 Bd6 22. Ne5 Rb6 23. Qg3 Rh8 24. Qh4+ Qe7 25. Nxf7+ Kc7 26. Qxe7+ Bxe7 27.
Nxh8 Rxc6 28. Ng6 Bg5 29. f4 Bf6 30. Re3 Kd6 31. Ne5 Rc7 32. a4 bxa4 33. Rxa4
Bd8 34. c4 Rg7 35. Kf2 a5 36. Rb3 Bb7 37. g3 Be4 38. Rb2 h5 39. Ke3 Bf5 40. Rb8
Bc7 41. Rh8 Bc2 42. Ra1 a4 43. Rxh5 Ba5 44. Nf7+ 1-0

[Event "SR 3. liga A2 2017/2018"]
[Site "?"]
[Date "2018.01.07"]
[Round "7.5"]
[White "Danada, Ondrej"]
[Black "Slamena, Michal"]
[Result "0-1"]
[WhiteElo "1861"]
[BlackElo "2005"]
[PlyCount "48"]
[EventDate "2017.??.??"]

1. e4 c5 2. Nf3 d6 3. d4 cxd4 4. Nxd4 Nf6 5. Nc3 g6 6. Be3 Bg7 7. Bc4 Ng4 8.
Bg5 Qb6 9. Qf3 Ne5 10. Bxf7+ Nxf7 11. Nd5 Qxd4 12. Nc7+ Kd8 13. Qxf7 Kxc7 14.
Bxe7 Bd7 15. O-O Be8 16. Bxd6+ Kxd6 17. Qxb7 Bc6 18. Qb3 Kc7 19. Rad1 Qxe4 20.
f3 Qf5 21. Rfe1 Re8 22. Rxe8 Bxe8 23. Rd5 Qf7 24. Qd3 Nc6 0-1

[Event "SR 3. liga A2 2017/2018"]
[Site "?"]
[Date "2018.01.07"]
[Round "7.5"]
[White "Malar, Pavol"]
[Black "Brunovsky, Peter"]
[Result "1-0"]
[WhiteElo "2063"]
[BlackElo "1846"]
[PlyCount "71"]
[EventDate "2017.??.??"]

1. e4 c6 2. d4 d5 3. Nc3 dxe4 4. Nxe4 Nf6 5. Nxf6+ gxf6 6. Nf3 Bg4 7. Be2 e6 8.
h3 Bf5 9. Nh4 Bg6 10. O-O Bd6 11. f4 Be4 12. f5 Bg3 13. fxe6 fxe6 14. Bh5+ Ke7
15. Qg4 Qxd4+ 16. Kh1 Bxg2+ 17. Nxg2 Qxg4 18. Bxg4 h5 19. Be2 Nd7 20. Nf4 Rag8
21. Be3 h4 22. Rad1 e5 23. Ng2 b6 24. a4 c5 25. a5 Rb8 26. axb6 axb6 27. Bg1
Ra8 28. Ne3 Ra7 29. Nf5+ Kd8 30. Nd6 Ke7 31. Nf5+ Kf7 32. Bc4+ Kg6 33. Nxg3
hxg3 34. Kg2 Rh4 35. Be6 Rd4 36. Bxd4 1-0

[Event "SR 3. liga A2 2017/2018"]
[Site "?"]
[Date "2018.01.07"]
[Round "7.5"]
[White "Kocak, Branislav"]
[Black "Filip, Frantisek"]
[Result "1-0"]
[WhiteElo "1875"]
[BlackElo "1746"]
[PlyCount "117"]
[EventDate "2017.??.??"]

1. d4 Nf6 2. c4 e6 3. Nf3 Be7 4. Bg5 h6 5. Bh4 b6 6. Nc3 Bb7 7. e3 c6 8. Bd3 d6
9. h3 Nbd7 10. Qd2 Qc7 11. Bg3 Nf8 12. e4 Qd7 13. Qe3 g5 14. Nd2 g4 15. e5 Nh5
16. hxg4 Nxg3 17. Qxg3 O-O-O 18. Nf3 Qc7 19. O-O-O Nd7 20. Kb1 f6 21. exf6 Bxf6
22. Rhe1 e5 23. Bf5 Kb8 24. Bxd7 Qxd7 25. dxe5 Qh7+ 26. Ka1 dxe5 27. Nxe5 Rxd1+
28. Rxd1 Bxe5 29. Qxe5+ Ka8 30. f3 Rf8 31. Qd6 Re8 32. Ne4 Qf7 33. c5 Qf8 34.
a3 bxc5 35. Nxc5 Qxd6 36. Rxd6 Rh8 37. b4 Kb8 38. Nxb7 Kxb7 39. Kb2 Kc7 40. Rd4
Rg8 41. Kc3 Kb6 42. a4 Rg6 43. Re4 a5 44. Re5 axb4+ 45. Kxb4 Rf6 46. Rf5 Rd6
47. Kc3 c5 48. g5 hxg5 49. Rxg5 Rf6 50. Rg4 Rh6 51. Kc4 Rc6 52. Rg5 Rf6 53. a5+
Kc6 54. Rxc5+ Kd6 55. Kb5 Rf8 56. Rc6+ Kd7 57. a6 Rb8+ 58. Rb6 Ra8 59. Rb7+ 1-0

[Event "SR 3. liga A2 2017/2018"]
[Site "?"]
[Date "2018.01.07"]
[Round "7.5"]
[White "Tupy, Bystrik"]
[Black "Kubis, Ivan"]
[Result "0-1"]
[WhiteElo "1699"]
[BlackElo "1914"]
[PlyCount "78"]
[EventDate "2017.??.??"]

1. e4 e5 2. Nf3 Nc6 3. Bb5 a6 4. Ba4 Nf6 5. Nc3 d6 6. d3 b5 7. Bb3 Na5 8. Bg5
Be7 9. O-O O-O 10. Qd2 Nxb3 11. axb3 Bb7 12. Ne2 Re8 13. Ng3 g6 14. h4 h5 15.
Rad1 c5 16. Nh2 d5 17. Qe3 Qc7 18. c3 Rad8 19. Kh1 d4 20. Qc1 Rc8 21. f4 c4 22.
fxe5 Qxe5 23. Bf4 Qe6 24. cxd4 cxd3 25. Qe3 Qxb3 26. Be5 Nd7 27. Rxd3 Qe6 28.
Nf3 f6 29. Qh6 Qf7 30. Bf4 Bf8 31. Ng5 Bxh6 32. Nxf7 Bxf4 33. Rxf4 Kxf7 34. Kh2
Rc2 35. b3 Rec8 36. e5 Rxg2+ 37. Kh3 Rcc2 38. Nf1 Nxe5 39. dxe5 Bc8+ 0-1

[Event "SR 3. liga A2 2017/2018"]
[Site "?"]
[Date "2018.01.07"]
[Round "7.5"]
[White "Bilovsky, Milan"]
[Black "Tupy, Emil"]
[Result "1-0"]
[WhiteElo "1939"]
[BlackElo "1654"]
[PlyCount "77"]
[EventDate "2017.??.??"]

1. e4 e6 2. d4 d5 3. Nd2 Nf6 4. e5 Nfd7 5. Ndf3 c5 6. c3 a6 7. Ne2 Nc6 8. a3 c4
9. b4 b5 10. a4 Bb7 11. a5 Ne7 12. Ng3 g6 13. Bg5 Bg7 14. Qd2 f5 15. Bh6 O-O
16. Bxg7 Kxg7 17. Ng5 Qc8 18. Nxe6+ Kh8 19. Nxf8 Qxf8 20. f4 Re8 21. Be2 Ng8
22. h4 Kg7 23. h5 Ne7 24. O-O-O Qf7 25. Bf3 Qe6 26. Nf1 Rh8 27. Ne3 Nf8 28.
Rdg1 Kf7 29. g4 Ke8 30. hxg6 Nfxg6 31. gxf5 Nxf5 32. Bg4 Nge7 33. Rh5 Qg6 34.
Nxf5 Nxf5 35. Rxf5 Ke7 36. Rf6 Qe4 37. Bf5 Qf3 38. Rg7+ Ke8 39. Rxb7 1-0

[Event "SR 3. liga A2 2017/2018"]
[Site "?"]
[Date "2018.01.07"]
[Round "7.5"]
[White "Jancicka, Viliam"]
[Black "Takacs, Zsolt"]
[Result "1/2-1/2"]
[WhiteElo "1644"]
[BlackElo "1785"]
[PlyCount "116"]
[EventDate "2017.??.??"]

1. Nf3 d5 2. d4 Nf6 3. Nbd2 Nc6 4. c3 Bg4 5. Qc2 Bxf3 6. Nxf3 h6 7. Bf4 e6 8.
h3 Bd6 9. e3 a6 10. Bd3 Nh5 11. Be5 Nf6 12. O-O-O Bxe5 13. dxe5 Nd7 14. e4
Ndxe5 15. exd5 Nxd3+ 16. Qxd3 Ne7 17. dxe6 Qxd3 18. exf7+ Kxf7 19. Rxd3 Rhd8
20. Rhd1 Rxd3 21. Rxd3 Kf6 22. Rd7 Rc8 23. Kd2 Ke6 24. Rd3 Nf5 25. Nd4+ Nxd4
26. Rxd4 g5 27. Ke3 c5 28. Re4+ Kf5 29. g4+ Kf6 30. f4 gxf4+ 31. Rxf4+ Kg6 32.
h4 Rd8 33. b4 cxb4 34. cxb4 b6 35. a4 Rd1 36. Rd4 Re1+ 37. Kf4 Re6 38. Rc4 Kf6
39. b5 axb5 40. axb5 Ke7 41. Rc6 Rxc6 42. bxc6 b5 43. g5 hxg5+ 44. hxg5 b4 45.
g6 b3 46. c7 b2 47. c8=Q b1=Q 48. Qc5+ Ke8 49. Qe5+ Kf8 50. Qf5+ Qxf5+ 51. Kxf5
Kg7 52. Kg5 Kg8 53. Kf6 Kf8 54. Ke6 Kg7 55. Kf5 Kg8 56. Kg5 Kg7 57. Kh5 Kg8 58.
Kh6 Kh8 1/2-1/2

[Event "SR 3. liga A2 2017/2018"]
[Site "?"]
[Date "2018.01.07"]
[Round "7.5"]
[White "Kanka, Tomas"]
[Black "Cerny, Patrik"]
[Result "1/2-1/2"]
[WhiteElo "1701"]
[BlackElo "1519"]
[PlyCount "31"]
[EventDate "2017.??.??"]

1. e4 e5 2. Nf3 Nc6 3. Bc4 Bc5 4. b4 Bxb4 5. c3 Ba5 6. d4 exd4 7. O-O d6 8. Qb3
Qe7 9. cxd4 Bg4 10. d5 Bxf3 11. dxc6 b5 12. Qxb5 Qxe4 13. gxf3 Qxf3 14. Bxf7+
Kxf7 15. Qxa5 Qg4+ 16. Kh1 1/2-1/2